| 000 | 00442nam a2200157Ia 4500 | ||
|---|---|---|---|
| 003 | OSt | ||
| 005 | 20200622140512.0 | ||
| 008 | 190216s9999||||xx |||||||||||||| ||und|| | ||
| 040 | _coclc | ||
| 082 |
_a954.56 _bKHU/S |
||
| 100 |
_aKhurana, K L _93055 |
||
| 245 | 4 |
_aThe Sultanate Of Delhi / _cK L Khurana |
|
| 260 |
_bShivlal Agarwala & Com, _c1993. |
||
| 300 | _a328p | ||
| 942 |
_cBK _2ddc _h954.56 _iKHU/S _k954.56 _mKHU/S |
||
| 999 |
_c20620 _d20620 |
||